Astrologers at work : essays on the practices and techniques of astrology in memory of Helena Avelar /

"Astrologers at Work brings together fourteen scholars to explore the history of astrological practice, focusing on techniques, doctrines, and methods of interpretation across cultures and centuries. Originating from the Tools of the Art conference, organised by the Astra Project in memory of H...

Full description

Bibliographic Details
Other Authors: Ribeiro, Luís Campos, 1974- (Editor), Burnett, Charles (Charles S. F.) (Editor)
Format: Book
Language:English
Published: Leiden ; Boston : Brill, [2025]
Series:Time, astronomy, and calendars ; v. 14.
Subjects:

MARC

Tag First Indicator Second Indicator Subfields
LEADER 00000cam a22000008i 4500
001 in00005777771
005 20260406152518.3
007 t|
008 251208t20252025ne b 011 e eng c
010 |a  2025050881 
040 |a PSt/DLC  |b eng  |e rda  |c DLC  |d OCLCO 
020 |a 9789004745315 
020 |a 9004745319 
020 |z 9789004745322  |q ebook 
035 |a (OCoLC)1523040236 
042 |a pcc 
050 0 0 |a BF1761  |b .A88 2026 
245 0 0 |a Astrologers at work :  |b essays on the practices and techniques of astrology in memory of Helena Avelar /  |c edited by Luís Campos Ribeiro, Charles Burnett. 
263 |a 2601 
264 1 |a Leiden ;  |a Boston :  |b Brill,  |c [2025] 
264 4 |c ©2025 
300 |a pages cm 
334 |a single unit  |b mono  |0 http://id.loc.gov/vocabulary/issuance/mono 
336 |a text  |b txt  |2 rdacontent  |0 http://id.loc.gov/vocabulary/contentTypes/txt 
337 |a unmediated  |b n  |2 rdamedia  |0 http://id.loc.gov/vocabulary/mediaTypes/n 
338 |a volume  |b nc  |2 rdacarrier  |0 http://id.loc.gov/vocabulary/carriers/nc 
353 |a bibliography  |b bibliography  |0 http://id.loc.gov/vocabulary/msupplcont/bibliography 
353 |a index  |b index  |0 http://id.loc.gov/vocabulary/msupplcont/index 
490 1 |a Time, astronomy, and calendars,  |x 2211-632X ;  |v volume 14 
504 |a Includes bibliographical references and index. 
520 |a "Astrologers at Work brings together fourteen scholars to explore the history of astrological practice, focusing on techniques, doctrines, and methods of interpretation across cultures and centuries. Originating from the Tools of the Art conference, organised by the Astra Project in memory of Helena Avelar, this volume highlights astrology's technical and intellectual dimensions, placing it at the heart of pre-modern science and culture. Through detailed studies of charts, doctrines, and practices, it reveals the central role astrology played in shaping ideas about nature, knowledge, and fate. This work is a vital contribution to the history of science, culture, and ideas"-- Provided by publisher. 
650 0 |a Astrology  |x History. 
655 7 |a Festschriften.  |2 lcgft 
655 7 |a Essays.  |2 lcgft 
700 1 |a Ribeiro, Luís Campos,  |d 1974-  |e editor.  |4 http://id.loc.gov/vocabulary/relators/edt  |1 http://id.loc.gov/rwo/agents/n2023019642 
700 1 |a Burnett, Charles  |q (Charles S. F.),  |e editor.  |4 http://id.loc.gov/vocabulary/relators/edt  |1 https://id.oclc.org/worldcat/entity/E39PBJrrBQ77RvCqG7ThGRTWDq  |1 http://id.loc.gov/rwo/agents/n84050078 
700 1 |a Carvalho, Helena Avelar de,  |d 1964-2021,  |e honoree.  |4 http://id.loc.gov/vocabulary/relators/hnr  |1 https://id.oclc.org/worldcat/entity/E39PCjwWQfCyYTtP3kxBjxrFVd  |1 http://id.loc.gov/rwo/agents/n2021014292 
758 |1 http://id.loc.gov/resources/instances/in00024361189 
758 |4 http://id.loc.gov/ontologies/bibframe/instanceOf  |1 http://id.loc.gov/resources/works/in00024361189 
776 0 8 |i Online version  |4 http://id.loc.gov/entities/relationships/onlineversion  |t Astrologers at work  |d Boston : Brill, [2025]  |z 9789004745322  |w (DLC) 2025050882 
830 0 |a Time, astronomy, and calendars ;  |v v. 14.  |1 http://id.loc.gov/resources/hubs/9320d69f-4d5e-aaca-83cc-b345e065ddb8 
852 8 |b POD  |z This title is available for the library to purchase for your use. Click the "Purchase It For Me" button to place a request. This item will take 5-10 business days to arrive. 
884 |a DLC bibframe2marc v3.1-dev  |g 20251211  |q DLC  |u https://github.com/lcnetdev/bibframe2marc/tree/v3.1-dev 
955 |a Print PDA title 
961 |m 565730 
999 f f |i cdf294b1-edf4-450c-8ced-7b3cd7e86bbd  |s 6f0ed164-1686-40a7-afe1-159dcd72c1aa  |t 0 
952 f f |a Texas A&M University  |b College Station  |c Sterling C. Evans Library  |s Evans POD  |d Purchase on Demand  |t 0  |e BF1761 .A88 2026  |h Library of Congress classification 
998 f f |a BF1761 .A88 2026  |t 0  |l Purchase on Demand